NBA : Kevin Durant - Statistiques

Statistiques générales
  • Ce quiz a été pris 211 fois
  • Le résultat moyen est 14 sur 15
Statistiques - réponses
Questions Réponses % Correct
A quelle position se trouvait-il ? 2
100%
En quelle année KD a-t-il été drafté ? 2007
98%
Durant quelle saison KD affiche-t-il le plus haut nombre de points par match ? 2013-2014
98%
Fort de la concurrence avec Russell Westbrook, dans quelle franchise s'engage-t-il, en 2016 ? Golden State Warriors
97%
Quel est le seul joueur, encore en activité, à compter plus de points en carrière que Kevin Durant ? Lebron James
97%
Dans quelle franchise évolue-t-il actuellement, aux côtés de Devin Booker ? Phoenix Suns
97%
En 2019, quelle franchise rejoint-il, aux côtés de Kyrie Irving ? Brooklyn Nets
96%
Dans quelle franchise a-t-il signé suite à cela, en 2008? Oklahoma Thunder
95%
A combien de reprises Kevin Durant participe-t-il au All-Star Game ? 15
94%
En quelle année a-t-il reçu le prix de MVP ? 2014
94%
Quel est son poste de prédilection ? Ailier Fort
91%
Lors des Jeux Olympiques de 2012, contre quelle équipe les Etats-Unis remportent-ils la finale, avec Kevin Durant comme meilleur scoreur de la compétition ? Espagne
87%
Dans quelle franchise, désormais installée à Oklahoma, a-t-il débuté sa carrière ? Seattle Supersonics
86%
Véritable légende du championnat, quel seuil de points a-t-il dépassé, avec des joueurs comme Kobe Bryant ou Karl Malone ? 30 000 points
83%
Alors qu'il dit mesurer 2,11m, quelle est sa véritable taille ? 2,08
66%
Aucun quiz correspondant
Distribution des résultats
% des personnes avec chaque résultat
Percentile par nombre de réponses
Votre historique - résultats
Vous n’avez pas pris ce quiz